Normal view
MARC view
Entry Personal Name
001 - CONTROL NUMBER
- control field: 1237039
003 - CONTROL NUMBER IDENTIFIER
- control field: OSt
005 - DATE AND TIME OF LATEST TRANSACTION
- control field: 20260430150303.0
008 - FIXED-LENGTH DATA ELEMENTS
- fixed length control field: 260430|| aca||aabn | a|a d
040 ## - CATALOGING SOURCE
- Original cataloging agency: OSt
- Transcribing agency: OSt
100 ## - HEADING--PERSONAL NAME
- Personal name: Vats Sanjay Au.; Shailendra Kumar Gu
670 ## - SOURCE DATA FOUND
- Source citation: Work cat.: (OSt)1849425: Vats Sanjay Au.; Shailendra Kumar Gu., Storasge and Retrieval of Video Information Resources in Select Media Libraries in India: A Study, 2023
